| 000 | 00655nam a2200241Ia 4500 | ||
|---|---|---|---|
| 003 | OSt | ||
| 005 | 20221005040105.0 | ||
| 006 | a|||||r|||| 00| 0 | ||
| 007 | ta | ||
| 008 | 221004b |||||||| |||| 00| 0 eng d | ||
| 024 | _a31508 | ||
| 037 | _cTextual | ||
| 040 |
_aCRL _cCRL _beng |
||
| 041 |
_2eng _aeng |
||
| 082 | _a4.211.N37<N17, M8 | ||
| 100 |
_aGanesan A _9530996 |
||
| 245 | 0 | _aPress in Tamil Nadu and the struggle for freedom 1917-1937.` | |
| 260 |
_aDelhi _bMittal _c1988 |
||
| 300 |
_a191p _ccm. |
||
| 650 |
_aJOUNRALISM _93876 |
||
| 942 |
_h4.211.N37<N17, M8 _cTEXL _2cc |
||
| 999 |
_c946345 _d946345 |
||